00751nam a22002057a 450000500170000001000150001702000260003203500140005803700130007208200170008524502000010226000480030227000590035030000330040950000280044270000170047070000200048770000140050770000240052120180507121705.0 aENG-122895 a9789387380066c500.00 aEN-106427 bDBAD/PUB a307.14120954 aProceedings of the national seminar on rural infrastructure in india issues and prospects :ced. by K.S. Lakshmi; Hemavathi Sekar; N. Padma [and] J. Sumitha Princess /b24h & 25th November 2016 / aNew DelhibAllied Publishers Private c2017 a1/13-14 Asaf Ali Road , Darya Ganj,bNew Delhie110002 axviii, 167p.c24cm(Hb)bill. aIt include author index aK.S. Lakshmi aHemavathi Sekar aN. Padma  aJ. Sumitha Princess